| 000 | 01405nam a22003734a 4500 | ||
|---|---|---|---|
| 001 | ebr10194132 | ||
| 003 | CaPaEBR | ||
| 006 | m u | ||
| 007 | cr cn||||||||| | ||
| 008 | 061205s2007 nyu sb 001 0 eng | ||
| 010 | _z 2006048076 | ||
| 015 |
_aGBA716586 _2bnb |
||
| 016 | 7 |
_z013683745 _2Uk |
|
| 020 | _z1403977518 (hbk. : alk. paper) | ||
| 020 | _z9781403977519 (hbk. : alk. paper) | ||
| 040 |
_aCaPaEBR _cCaPaEBR |
||
| 035 | _a(OCoLC)614468437 | ||
| 043 | _aa------ | ||
| 050 | 1 | 4 |
_aKM717 _b.C56 2007eb |
| 082 | 0 | 4 |
_a343.509/9 _222 |
| 245 | 0 | 0 |
_aCinema, law, and the state in Asia _h[electronic resource] / _cedited by Corey K. Creekmur and Mark Sidel. |
| 250 | _a1st ed. | ||
| 260 |
_aNew York, N.Y. : _bPalgrave Macmillan, _c2007. |
||
| 300 | _axii, 238 p. | ||
| 504 | _aIncludes bibliographical references and index. | ||
| 533 |
_aElectronic reproduction. _bPalo Alto, Calif. : _cebrary, _d2013. _nAvailable via World Wide Web. _nAccess may be limited to ebrary affiliated libraries. |
||
| 650 | 0 |
_aMotion pictures _xLaw and legislation _zAsia. |
|
| 650 | 0 |
_aMotion pictures _xGovernment policy _zAsia. |
|
| 655 | 7 |
_aElectronic books. _2local |
|
| 700 | 1 | _aCreekmur, Corey K. | |
| 700 | 1 | _aSidel, Mark. | |
| 710 | 2 | _aebrary, Inc. | |
| 856 | 4 | 0 |
_uhttp://site.ebrary.com/lib/rucke/Doc?id=10194132 _zAn electronic book accessible through the World Wide Web; click to view |
| 999 |
_c221289 _d221289 |
||